000 00690nam a2200205Ii 4500
003 JO-AjNU
008 230605s9999||||xx |||||||||||||| ||und||
017 _a2006/12/2257
040 _aJO-AjNU
_bara
_erda
_cJO-AjNU
041 _aara
050 1 4 _aQA76.575.H56 2006
100 3 _aحرز الله،نائل مؤلف/الضامن،ديما م.مشارك,
_eauthor
_929214
245 0 0 _aالوسائط المتعددة
264 3 1 _aعمان:دار وائل،2006
300 _a441ص
336 _atext
_btxt
_2rdacontent
337 _aunmediated
_bn
_2rdamedia
338 _avolume
_bnc
_2rdacarrier
650 4 _aالوسائط المتعددة (حاسبات إلكترونية)
_929215
999 _aA11429
_c14997
_d14997